[Event "ITA-ch U20"]
[Site "Tarvisio"]
[Date "2023.07.06"]
[Round "5"]
[White "Cavalcante, Pietro Lukas B Souz"]
[Black "Steffenato, Alberto"]
[Result "1-0"]
[WhiteElo "1621"]
[BlackElo "1501"]
[PlyCount "65"]
[EventDate "2023.07.02"]
[EventType "swiss"]
[EventRounds "9"]
[EventCountry "ITA"]
[SourceTitle "EXT 2024"]
[Source "ChessBase"]
[SourceDate "2023.10.10"]
[SourceVersion "1"]
[SourceVersionDate "2023.10.10"]
[SourceQuality "1"]

1. e4 Nf6 2. e5 Ng8 3. d4 d6 4. exd6 cxd6 5. Bd3 g6 6. c3 Bg7 7. Nf3 e6 8. 0-0 Nc6 9. Re1 Nge7 10. Bf4 0-0 11. Na3 d5 12. Nb1 a6 13. Nbd2 b6 14. h4 Bb7 15. h5 Qc8 16. Qb3 b5 17. a4 bxa4 18. Qxa4 gxh5 19. Qc2 Ng6 20. Bg3 Qd8 21. Nb3 a5 22. Nc5 Bc8 23. b4 Bd7 24. b5 Nb8 25. b6 Qxb6 26. Bxb8 Bc6 27. Bg3 Qa7 28. Ne5 Bxe5 29. Bxe5 a4 30. Ra3 Qa5 31. Qd2 Qa7 32. Bf6 Qb8 33. Qh6 1-0

[Event "Mogliano Veneto op 42nd"]
[Site "Mogliano Veneto"]
[Date "2021.04.24"]
[Round "2"]
[White "Steffenato, Stefano"]
[Black "Steffenato, Alberto"]
[Result "1/2-1/2"]
[WhiteElo "1583"]
[BlackElo "1302"]
[PlyCount "48"]
[EventDate "2021.04.23"]
[EventType "swiss"]
[EventRounds "5"]
[EventCountry "ITA"]
[SourceTitle "EXT 2023"]
[Source "ChessBase"]
[SourceDate "2022.10.05"]
[SourceVersion "1"]
[SourceVersionDate "2022.10.05"]
[SourceQuality "1"]

1. e4 e6 2. d4 d5 3. Nc3 dxe4 4. Nxe4 c5 5. Nxc5 Bxc5 6. dxc5 Qxd1+ 7. Kxd1 Nf6 8. Bb5+ Bd7 9. Bxd7+ Nbxd7 10. f3 Nxc5 11. Be3 b6 12. Bxc5 bxc5 13. Ne2 Nd5 14. g3 Rd8 15. Ke1 Ke7 16. Kf2 e5 17. c3 Nb6 18. Rhd1 Nc4 19. b3 Na3 20. c4 Nc2 21. Rac1 Na3 22. Ra1 Nc2 23. Rac1 Na3 24. Ra1 Nc2 1/2-1/2